000 00255nam a2200109Ia 4500
008 190913s9999||||xx |||||||||||||| ||und||
100 _aMeloni,JULIE C.
245 0 _aEssentials PHP
260 _aNew Delhi
_b McGraw Hill
_c2001
300 _a1290
942 _cBK
999 _c8113
_d8113